LEADER 00767nam0 2200253 4500 001 000028373 005 20110926155926.0 010 $a978-88-08-15988-5 100 $a20110926d2010----km-y0itay50------ba 101 0 $aita 102 $aIT 105 $ay-------001yy 200 1 $aBiodiversità$edal genoma al paesaggio$fCarlo Ferrari 205 $a2. ed. 210 $aBologna$cZanichelli$d2010 215 $aVIII, 175 p.$cill.$d24 cm 610 1 $aBiodiversità 676 $a333.9516$v21$9Risorse biologiche. Conservazione e protezione 700 1$aFerrari,$bCarlo$f<1944- >$4070$0293341 801 0$aIT$bUNIPARTHENOPE$c20110926$gRICA$2UNIMARC 912 $a000028373 951 $aP1 333-B/1$b43217$cPIST$d2011 996 $aBiodiversità$995495 997 $aUNIPARTHENOPE LEADER 02324nam0 2200469 i 450 001 RAV0172409 005 20251003044326.0 100 $a20020621d1956 ||||0itac50 ba 101 | $aita 102 $ait 181 1$6z01$ai $bxxxe 182 1$6z01$an 183 1$6z01$anc$2RDAcarrier 200 1 $aCostituzionalismo antico e moderno$fCharles Howard McIlwain$ga cura di Vittorio de Caprariis 210 $aVenezia$cNeri Pozza$d1956 215 $a176 p.$d22 cm 225 | $aStudi politici$v1 410 0$1001RAV0169371$12001 $aStudi politici$v1 606 $aCostituzioni politiche$xStoria$2FIR$3CFIC069375$9E 676 $a321.8$9FORME DEMOCRATICHE$v20 676 $a321.809$9FORME DEMOCRATICHE. STORIA$v20 676 $a321.809$9GOVERNO DEMOCRATICO. Storia, geografia, persone$v21 676 $a321.809034$9FORME DEMOCRATICHE. 1800-1899$v21 676 $a342.0201$9STRUMENTI FONDAMENTALI DELLO STATO. Filosofia e teoria$v21 676 $a342.73$9$v21 686 $aX09.4$cSCIENZE POLITICHE POLITOLOGIA$2R 700 1$aMcIlwain$b, Charles Howard$3CFIV098719$4070$0206357 702 1$aDe Caprariis$b, Vittorio$3CFIV032030 801 3$aIT$bIT-000000$c20020621 850 $aIT-BN0095 $aIT-NA0043 $aIT-NA0079 $aIT-NA0120 $aIT-NA0453 901 $bNAP 01$cV $n$ 901 $bNAP BN$cA $nComprende volumi con collocazioni per formato catalogati prima del 1987. La consegna del doc. é effettuata dall'Uff. Distribuzione. 901 $bNAP BN$cCAPPIELLO $nLa consegna dei documenti è effettuata dall'Ufficio Distribuzione 901 $bNAP BN$cF.ARCUNO $nIl Fondo è escluso dal servizio di prestito. La consegna dei documenti è effettuata dalle Sale di Consultazione 901 $bNAP BN$cF.PONTIERI$nIl Fondo è escluso dal servizio di prestito. La consegna dei documenti è effettuata dall'Ufficio Distribuzione 901 $bNAP PF$cD $nTesti di vario argomento successivi al 1830 901 $bNAP CR$cSASSO $n$ 912 $aRAV0172409 950 0$aBiblioteca Centralizzata di Ateneo$c1 v.$d 01V (S) 1 068$e 01S 0090010685 VMA 1 v.$fY $h20140613$i20140613 977 $a 01$a AN$a BN$a CR$a PF 996 $aConstitutionalism$91120093 997 $aUNISANNIO